| 000 | 00598nam a22002177a 4500 | ||
|---|---|---|---|
| 005 | 20230714144744.0 | ||
| 008 | 230714b ||||| |||| 00| 0 eng d | ||
| 020 | _a1870205146 | ||
| 040 | _cAL | ||
| 041 | _aeng | ||
| 082 |
_223 _a294.344 _bSUCK |
||
| 100 |
_aAjahn Sucitto _9127018 |
||
| 245 |
_aKalyana: _bDhamma Talks from Ajahn Sucitto |
||
| 260 |
_aAmaravathi _bAmaravati Publications _c2002 |
||
| 300 |
_aiii, 120p. _bPB _c21x15cm. |
||
| 365 | _2Religion | ||
| 650 |
_aLeaders of Awakening _9127010 |
||
| 650 |
_aDhamma _9127011 |
||
| 700 |
_aSUCITTO (Ajahn) _9127012 |
||
| 942 |
_2ddc _cDB |
||
| 999 |
_c227882 _d227882 |
||